[Event "MISTRZOSTWA POLSKI JUNIOREK DO 16 LAT W SZACHACH SZYBKICH"]
[Site "KOSZALIN, Hala Widowiskowo-Sportowa, ul. Sniadeckich 4"]
[Date "1899-12-30"]
[Round "1.1"]
[White "Parol, Pola"]
[Black "Pedrak, Paulina"]
[Result "1-0"]
[WhiteTitle "k"]
[BlackTitle "I"]
[WhiteElo "1773"]
[BlackElo "1473"]

1. e4 c5 2. Nf3 e6 3. d4 cxd4 4. Nxd4 a6 5. c4 Qc7 6. Nc3 Nf6 7. Be2 Bb4 8. O-O
Bxc3 9. bxc3 Nxe4 10. Bf3 Nf6 11. Ba3 Nc6 12. Nxc6 bxc6 13. Bd6 Qa5 14. Qd2 Ng8
15. Qd4 Qg5 16. Bf4 Qf6 17. Be5 Qg6 18. Bxg7 Nf6 19. Bxh8 Nh5 20. Bxh5 Qxh5 21.
Qd6 Qg6 22. Be5 a5 23. Rab1 Ba6 24. Rb8+ Rxb8 25. Qxb8+ Ke7 26. Qd6+ Ke8 27. Rd1
Bc8 28. Qb8 Kd8 29. Qc7+ Ke7 30. Qxc8 Qf5 31. Bd6+ Kf6 32. Qh8+ Kg6 33. Qg8+ Kh6
34. Bf8+ Kh5 35. g4+ 1-0

[Event "MISTRZOSTWA POLSKI JUNIOREK DO 16 LAT W SZACHACH SZYBKICH"]
[Site "KOSZALIN, Hala Widowiskowo-Sportowa, ul. Sniadeckich 4"]
[Date "1899-12-30"]
[Round "1.2"]
[White "Wojcik, Jagoda"]
[Black "Cieslak, Wiktoria"]
[Result "0-1"]
[WhiteTitle "I+"]
[BlackTitle "k+"]
[WhiteElo "1463"]
[BlackElo "1752"]

1. e4 c5 2. Nf3 d6 3. Bb5+ Bd7 4. Bxd7+ Qxd7 5. O-O Nc6 6. c3 Nf6 7. Re1 e6 8.
d4 cxd4 9. cxd4 Be7 10. Nc3 a6 11. Bg5 O-O 12. e5 Ne8 13. Bxe7 Qxe7 14. Qb3 dxe5
15. dxe5 b5 16. Rac1 Na5 17. Qc2 Nc7 18. Ne4 Nd5 19. a4 h6 20. axb5 axb5 21. Qc5
Qd7 22. Nd4 b4 23. Nd6 Qe7 24. Ne4 Qh4 25. Nd6 Qg5 26. Ra1 Nf4 27. g3 Nd3 28.
Qb5 Nxe1 29. Rxa5 Rxa5 30. Qxa5 Qc1 31. Qb6 Qd1 32. Nc6 Qf3 33. Kf1 Nd3 34. Ne7+
Kh8 35. Nc6 Qd1+ 36. Kg2 Qe2 37. Nxb4 Qxb2 38. Qa7 Qxb4 39. Qe7 Kg8 40. Qd7 Nxe5
0-1

[Event "MISTRZOSTWA POLSKI JUNIOREK DO 16 LAT W SZACHACH SZYBKICH"]
[Site "KOSZALIN, Hala Widowiskowo-Sportowa, ul. Sniadeckich 4"]
[Date "1899-12-30"]
[Round "1.3"]
[White "Kaczmarska, Joanna"]
[Black "Trembowiecka-wysota, Aleksandra"]
[Result "1-0"]
[WhiteTitle "k"]
[BlackTitle "I"]
[WhiteElo "1730"]
[BlackElo "1457"]

1. d4 d6 2. c4 Nf6 3. Nc3 g6 4. e4 Bg7 5. Bd3 e5 6. d5 O-O 7. Bg5 h6 8. Bh4 g5
9. Bg3 c6 10. h4 g4 11. h5 cxd5 12. cxd5 Qb6 13. Qd2 Nbd7 14. O-O-O Nc5 15. Nge2
Bd7 16. Kb1 a5 17. Ka1 a4 18. Kb1 a3 19. b3 Rfc8 20. f3 Na4 21. Nxa4 Bxa4 22.
Rc1 Rxc1+ 23. Rxc1 Nxh5 24. Bh4 Bd7 25. Nc3 Nf4 26. Bf2 Qd8 27. g3 Nxd3 28. Qxd3
Qf6 29. Rf1 gxf3 30. Bb6 Bg4 31. Nd1 h5 32. Nf2 Ra6 33. Be3 Bd7 34. Rh1 Bg4 35.
Qc3 Ra8 36. Qc7 b6 37. Qb7 Re8 38. Qxb6 Qg6 39. Qc6 Rc8 40. Qb7 Rc3 41. Bd2 Rc8
42. Nxg4 Qxg4 43. Qb4 Qxg3 44. Qxa3 f2 45. Qa6 Rd8 46. Qe2 Qg2 47. Rf1 h4 48.
Rxf2 Qg1+ 49. Rf1 Qg6 50. Kb2 Rf8 51. Rh1 Bf6 52. Qf3 Kh7 53. Be1 Qh6 54. a4 Bg5
55. Qf5+ Kh8 56. Bf2 Be7 1-0

[Event "MISTRZOSTWA POLSKI JUNIOREK DO 16 LAT W SZACHACH SZYBKICH"]
[Site "KOSZALIN, Hala Widowiskowo-Sportowa, ul. Sniadeckich 4"]
[Date "1899-12-30"]
[Round "1.4"]
[White "Krzysztynska, Anna"]
[Black "Stebel, Agata"]
[Result "1-0"]
[WhiteTitle "I"]
[BlackTitle "k"]
[WhiteElo "1451"]
[BlackElo "1712"]

1. d4 d5 2. Nf3 e6 3. e3 Nf6 4. Bd3 c5 5. c3 Nc6 6. a3 a5 7. O-O Bd6 8. Nbd2 cxd4
9. exd4 O-O 10. Re1 b6 11. Nf1 Ba6 12. Bg5 Bxd3 13. Qxd3 Be7 14. Ng3 Rc8 15. Bf4
Re8 16. Rad1 h6 17. Qd2 Bf8 18. h3 b5 19. b4 a4 20. Qd3 Na7 21. Ne5 Nd7 22. Qf3
Nxe5 23. Bxe5 f6 24. Bf4 Qd7 25. Nh5 Qf7 26. Rc1 g5 27. Bd2 Bg7 28. Nxg7 Kxg7
29. Qg3 Rc4 30. f4 Kh7 31. fxg5 hxg5 32. Rf1 Qg7 33. Qd3+ Kg8 34. Qf3 Rf8 35.
Qe2 Rc6 36. Rce1 f5 37. Rf3 f4 38. Rff1 Rf6 39. Qg4 Nc8 40. Re5 Ne7 41. Rxg5 Ng6
42. h4 Qh6 43. h5 1-0

[Event "MISTRZOSTWA POLSKI JUNIOREK DO 16 LAT W SZACHACH SZYBKICH"]
[Site "KOSZALIN, Hala Widowiskowo-Sportowa, ul. Sniadeckich 4"]
[Date "1899-12-30"]
[Round "1.5"]
[White "Krzywnicka, Maria"]
[Black "Szulc, Patrycja"]
[Result "1-0"]
[WhiteTitle "I+"]
[BlackTitle "I"]
[WhiteElo "1642"]
[BlackElo "1438"]

1. e4 c5 2. Nc3 d6 3. g3 Nc6 4. Bg2 g6 5. d3 Bg7 6. Be3 Nf6 7. h3 a6 8. Qd2 O-O
9. Bh6 Qc7 10. Bxg7 Kxg7 11. f4 Rb8 12. Nf3 b5 13. O-O b4 14. Ne2 Bd7 15. g4 Kh8
16. f5 d5 17. g5 Nh5 18. exd5 Ne5 19. Nh4 Qc8 20. Qe3 f6 21. fxg6 hxg6 22. gxf6
Nxf6 23. Qxe5 Bxh3 24. Nxg6+ Kg7 25. Qg5 Kf7 26. Nef4 Bxg2 27. Qxg2 Rg8 28. Rae1
Rb7 29. Re6 Rg7 30. Rfe1 Kg8 31. Kf1 Qe8 32. Ke2 Rd7 33. Kd1 Nxd5 34. Nxd5 Rxd5
35. Qxd5 Kh7 36. Rh1+ Kg8 37. Rh8+ 1-0

[Event "MISTRZOSTWA POLSKI JUNIOREK DO 16 LAT W SZACHACH SZYBKICH"]
[Site "KOSZALIN, Hala Widowiskowo-Sportowa, ul. Sniadeckich 4"]
[Date "1899-12-30"]
[Round "2.1"]
[White "Gredka, Dominika"]
[Black "Parol, Pola"]
[Result "0-1"]
[WhiteTitle "I++"]
[BlackTitle "k"]
[WhiteElo "1531"]
[BlackElo "1773"]

1. e4 c5 2. c3 d5 3. exd5 Qxd5 4. d4 Nc6 5. Nf3 Bf5 6. Be2 Nf6 7. O-O cxd4 8. cxd4
Bxb1 9. Rxb1 Qxa2 10. Bf4 e6 11. Qc2 Be7 12. Rfd1 O-O 13. Bc4 Qa5 14. Ra1 Qb6
15. Be3 Nb4 16. Qb1 Nfd5 17. Bg5 h6 18. Bxe7 Nxe7 19. Ne5 Rad8 20. Qe4 Ned5 21.
Ra3 Nf6 22. Qh4 Kh8 23. Rf3 Nbd5 24. Rb3 Qc7 25. Rf3 Qe7 26. g4 Rc8 27. g5 Ng8
28. Bxd5 exd5 29. Rg3 Rc2 30. Qg4 Qxg5 31. Qxg5 hxg5 32. Rxg5 Nh6 33. Nd7 Re8
34. Rxd5 Ree2 35. Rf1 Rxb2 36. Ne5 Kh7 37. Rd7 f6 38. Nc4 Rb4 39. Ne3 Rd2 40.
d5 Ng4 41. Nf5 Ne5 42. Rxg7+ Kh8 43. Rc1 Rc4 44. Rb1 Nf3+ 45. Kf1 Rcc2 46. Kg2
Rxf2+ 0-1

[Event "MISTRZOSTWA POLSKI JUNIOREK DO 16 LAT W SZACHACH SZYBKICH"]
[Site "KOSZALIN, Hala Widowiskowo-Sportowa, ul. Sniadeckich 4"]
[Date "1899-12-30"]
[Round "2.2"]
[White "Cieslak, Wiktoria"]
[Black "Kindler, Karolina"]
[Result "1/2-1/2"]
[WhiteTitle "k+"]
[BlackTitle "I+"]
[WhiteElo "1752"]
[BlackElo "1523"]

1. e4 c5 2. Nf3 e6 3. d4 cxd4 4. Nxd4 Nf6 5. Nc3 d6 6. Bg5 Be7 7. f4 h6 8. Bh4
Nxe4 9. Bxe7 Nxc3 10. Bxd8 Nxd1 11. Rxd1 Kxd8 12. Nb5 d5 13. c4 a6 14. Nc3 Ke7
15. cxd5 Rd8 16. Be2 b5 17. a3 Bb7 18. Bf3 exd5 19. Nxd5+ Bxd5 20. Bxd5 Ra7 21.
O-O Rad7 22. Rde1+ Kf8 23. Be4 Rd2 24. Rf2 Rxf2 25. Kxf2 Rd2+ 26. Re2 Rxe2+ 27.
Kxe2 Nd7 28. b4 Nb6 29. Bb7 Nc4 30. Bxa6 Nxa3 31. Kd3 Ke7 32. Kc3 Kd6 33. Kb3
Nc4 34. Bxb5 Ne3 35. g3 Ng4 36. h3 Nf2 37. Bf1 Ne4 38. Bg2 Nxg3 39. Kc4 Kc7 40.
Kc5 Nh5 41. f5 Ng3 42. f6 gxf6 43. Bd5 Ne2 44. Bxf7 Nf4 45. h4 Nd3+ 46. Kb5 Nxb4
47. Kxb4 Kd7 48. Kc4 Ke7 49. Bd5 Kf8 50. Kd4 Kg7 51. Be4 h5 52. Bf5 Kh6 53. Kd5
Kg7 54. Ke6 Kh8 55. Kxf6 Kg8 56. Kg6 Kh8 57. Kxh5 Kg8 1/2-1/2

[Event "MISTRZOSTWA POLSKI JUNIOREK DO 16 LAT W SZACHACH SZYBKICH"]
[Site "KOSZALIN, Hala Widowiskowo-Sportowa, ul. Sniadeckich 4"]
[Date "1899-12-30"]
[Round "2.3"]
[White "Kalinowska, Karolina"]
[Black "Kaczmarska, Joanna"]
[Result "0-1"]
[WhiteTitle "I"]
[BlackTitle "k"]
[WhiteElo "1479"]
[BlackElo "1730"]

1. e4 e5 2. Nf3 Nc6 3. Bc4 Be7 4. d3 Nf6 5. O-O d6 6. Nc3 O-O 7. h3 Na5 8. Bb3
Nxb3 9. axb3 Re8 10. Be3 c5 11. Qd2 h6 12. Ne2 Bf8 13. b4 b6 14. Ng3 Kh7 15. Nh2
g5 16. b5 d5 17. Qe2 d4 18. Bd2 Bd7 19. Ng4 Nxg4 20. hxg4 Bxb5 21. Qf3 Kg8 22.
Nf5 Re6 23. Kh2 a5 24. Rh1 Bd7 25. Kg1 Rc6 26. Rh5 Rg6 27. Qh3 Qf6 28. Kh2 Qh8
29. Rh1 Rf6 30. Bxg5 Rg6 31. Nxh6+ Bxh6 32. Rxh6 Rxh6 33. Bxh6 Qh7 34. Kg1 f6
35. Qf3 Qg6 36. Rh4 Be6 37. Qh3 Kf7 38. Bd2 Ke7 39. Rh7+ Kd6 40. Rh6 Qg7 41. Qh4
Rf8 42. g5 fxg5 43. Qxg5 Qxg5 44. Bxg5 b5 45. Rh7 Rf7 46. Rh8 a4 47. Ra8 Bd7 48.
Bd2 Bc6 49. c3 Bxa8 50. cxd4 cxd4 51. Bb4+ Ke6 52. f3 Rc7 53. Ba3 Rc2 54. g3 0-1

[Event "MISTRZOSTWA POLSKI JUNIOREK DO 16 LAT W SZACHACH SZYBKICH"]
[Site "KOSZALIN, Hala Widowiskowo-Sportowa, ul. Sniadeckich 4"]
[Date "1899-12-30"]
[Round "2.4"]
[White "Krzysztynska, Anna"]
[Black "Krzywnicka, Maria"]
[Result "1/2-1/2"]
[WhiteTitle "I"]
[BlackTitle "I+"]
[WhiteElo "1451"]
[BlackElo "1642"]

1. d4 Nf6 2. Nf3 c5 3. e3 g6 4. c4 Bg7 5. Nc3 cxd4 6. exd4 O-O 7. Bd3 d5 8. O-O
Nc6 9. c5 b6 10. a3 a5 11. Qc2 bxc5 12. dxc5 d4 13. Ne4 Nd5 14. Rd1 Kh8 15. Bb5
Na7 16. Bc4 e5 17. Qb3 Be6 18. Neg5 Rb8 19. Qc2 Bf6 20. Nxe6 fxe6 21. Bh6 Bg7
22. Bxg7+ Kxg7 23. Nxe5 Qf6 24. Nf3 Nc6 25. Bxd5 exd5 26. Qd2 Kg8 27. Rab1 Ne5
28. Nxe5 Qxe5 29. Qxd4 Qe2 30. Qxd5+ Kh8 31. Qd4+ Kg8 32. Re1 Qb5 33. Re7 Rf7
34. Qd5 Rbf8 35. Rbe1 Qxb2 36. Rxf7 Rxf7 37. Re8+ Kg7 38. Qe5+ Qxe5 39. Rxe5 Rc7
40. f4 Kf6 41. Kf2 h6 42. Ke3 g5 43. Rd5 Re7+ 44. Kf3 Re1 45. fxg5+ hxg5 46. c6
Rc1 47. Rxa5 Rxc6 48. Ke4 Re6+ 49. Kd4 Re2 50. g4 Rxh2 51. Ra6+ Kf7 52. Ke5 Rf2
53. Rd6 Rf4 54. Rd4 Rf1 55. a4 Ke7 56. Re4 Kf7 57. Kd5 Rd1+ 58. Ke5 Rf1 59. Kd5
Rd1+ 60. Rd4 Rc1 61. Rd3 Rf1 62. Rd4 Rc1 63. Ke5 Rf1 64. Rd7+ Kg6 65. Rd6+ Kf7
1/2-1/2

[Event "MISTRZOSTWA POLSKI JUNIOREK DO 16 LAT W SZACHACH SZYBKICH"]
[Site "KOSZALIN, Hala Widowiskowo-Sportowa, ul. Sniadeckich 4"]
[Date "1899-12-30"]
[Round "2.5"]
[White "Przepiora, Anna"]
[Black "Szelag, Zuzanna"]
[Result "1-0"]
[WhiteTitle "II"]
[BlackTitle "I++"]
[WhiteElo "1419"]
[BlackElo "1596"]

1. e4 c5 2. Nf3 Nc6 3. d4 cxd4 4. Nxd4 g6 5. Nc3 Bg7 6. Be3 Nf6 7. Bc4 Qa5 8. O-O
d6 9. f3 O-O 10. Qd2 Re8 11. Nb3 Qd8 12. Bh6 a6 13. Bxg7 Kxg7 14. Nd5 Nd7 15.
a4 Nde5 16. Be2 Be6 17. f4 Nd7 18. f5 Bxd5 19. exd5 Nce5 20. fxg6 hxg6 21. Nd4
Rc8 22. Qg5 Qb6 23. c3 Nf6 24. Kh1 Rh8 25. Rab1 Rce8 26. Nf5+ Kf8 27. Nxe7 Ne4
28. Qf4 Rxe7 29. Qxe4 Qc7 30. Qf4 Qc5 31. Bf3 Nxf3 32. Qxf3 Rh5 33. Qf6 1-0

[Event "MISTRZOSTWA POLSKI JUNIOREK DO 16 LAT W SZACHACH SZYBKICH"]
[Site "KOSZALIN, Hala Widowiskowo-Sportowa, ul. Sniadeckich 4"]
[Date "1899-12-30"]
[Round "3.1"]
[White "Parol, Pola"]
[Black "Guzik, Natalia"]
[Result "1/2-1/2"]
[WhiteTitle "k"]
[BlackTitle "I++"]
[WhiteElo "1773"]
[BlackElo "1547"]

1. e4 c5 2. Nf3 Nc6 3. d4 cxd4 4. Nxd4 g6 5. Nc3 Bg7 6. Be3 Nf6 7. Bc4 O-O 8. Bb3
d6 9. f3 Bd7 10. Qd2 Rc8 11. O-O-O Ne5 12. Kb1 Nc4 13. Bxc4 Rxc4 14. h4 h5 15.
Qd3 Rc8 16. Bg5 b5 17. Rhe1 b4 18. Nd5 Nxd5 19. exd5 Re8 20. Rd2 Rc5 21. Nb3 Bf5
22. Qe2 Rc8 23. g4 Bd7 24. gxh5 gxh5 25. Qg2 Bf5 26. Nd4 Bg6 27. Nc6 Rxc6 28.
dxc6 Qc7 29. Rde2 e6 30. Qf2 Qxc6 31. Be3 a5 32. Bd4 Bxd4 33. Qxd4 Rc8 34. Ka1
Qxf3 35. Qxd6 Rxc2 36. Rxc2 Bxc2 37. Qd8+ Kh7 38. Qxa5 Qg4 39. Qc5 Bg6 40. Qf2
Qf5 41. Qd4 Qg4 42. Qf2 Qf5 43. Qg3 Qg4 44. Qh2 Qd4 45. Rf1 Qd3 46. Qf2 Qc4 47.
Rg1 e5 48. Qf6 e4 49. Qf4 Qd3 50. Re1 Qd5 51. Qc1 Qd8 52. Qf4 Qd5 53. Qc1 Qd8
54. Qf4 Qd5 55. Qg3 Qd3 56. Qg5 Qd7 57. Qf4 1/2-1/2

[Event "MISTRZOSTWA POLSKI JUNIOREK DO 16 LAT W SZACHACH SZYBKICH"]
[Site "KOSZALIN, Hala Widowiskowo-Sportowa, ul. Sniadeckich 4"]
[Date "1899-12-30"]
[Round "3.2"]
[White "Kaczmarska, Joanna"]
[Black "Zamarska, Sylwia"]
[Result "1-0"]
[WhiteTitle "k"]
[BlackTitle "I+"]
[WhiteElo "1730"]
[BlackElo "1426"]

1. d4 d5 2. c4 e6 3. Nc3 Nf6 4. cxd5 exd5 5. Bg5 c6 6. Qc2 Be7 7. e3 O-O 8. Bd3
h6 9. Bh4 Be6 10. Nge2 Na6 11. Bxa6 bxa6 12. O-O Rb8 13. b3 Qa5 14. a3 Rfc8 15.
b4 Qd8 16. Bxf6 Bxf6 17. Nf4 a5 18. Rfb1 axb4 19. axb4 Qd7 20. Nxe6 fxe6 21. Na4
Qc7 22. Nc5 Qe7 23. g3 Kf7 24. Rb3 g6 25. Qd2 h5 26. Rba3 Ra8 27. e4 dxe4 28.
Nxe4 Rd8 29. Rf3 Kg7 30. Rxf6 1-0

[Event "MISTRZOSTWA POLSKI JUNIOREK DO 16 LAT W SZACHACH SZYBKICH"]
[Site "KOSZALIN, Hala Widowiskowo-Sportowa, ul. Sniadeckich 4"]
[Date "1899-12-30"]
[Round "3.3"]
[White "Jurkiewicz, Zuzanna"]
[Black "Przepiora, Anna"]
[Result "0-1"]
[WhiteTitle "I+"]
[BlackTitle "II"]
[WhiteElo "1555"]
[BlackElo "1419"]

1. e4 c5 2. Nf3 d6 3. d4 cxd4 4. Nxd4 Nf6 5. Nc3 g6 6. f3 Bg7 7. Be3 O-O 8. Qd2
Nc6 9. O-O-O Nxd4 10. Bxd4 Be6 11. g4 Qa5 12. a3 Rac8 13. h4 h5 14. gxh5 Nxh5
15. Bxg7 Kxg7 16. Rg1 Rc5 17. f4 Rfc8 18. f5 Rxc3 19. Qd4+ Kh7 20. fxg6+ fxg6
21. bxc3 Rxc3 22. Qb4 Qc7 23. Bd3 Nf4 24. Kd2 Rc5 25. Rc1 Bc4 26. Qb2 Bxd3 27.
cxd3 Qa5+ 28. Ke3 Rb5 29. Qc3 Qb6+ 30. Kf3 Ne6 31. Rxg6 Kxg6 32. h5+ Rxh5 33.
Qe1 Ng5+ 34. Ke2 Rh2+ 35. Kd1 Qb3+ 0-1

[Event "MISTRZOSTWA POLSKI JUNIOREK DO 16 LAT W SZACHACH SZYBKICH"]
[Site "KOSZALIN, Hala Widowiskowo-Sportowa, ul. Sniadeckich 4"]
[Date "1899-12-30"]
[Round "3.4"]
[White "Trusz, Julia"]
[Black "Cieslak, Wiktoria"]
[Result "1/2-1/2"]
[WhiteTitle "I+"]
[BlackTitle "k+"]
[WhiteElo "1546"]
[BlackElo "1752"]

1. e4 c5 2. Nf3 d6 3. d4 Nf6 4. Nc3 cxd4 5. Nxd4 a6 6. Bd3 e5 7. Nb3 Be6 8. O-O
Be7 9. Kh1 O-O 10. f4 exf4 11. Bxf4 Nc6 12. h3 Ne5 13. Be2 b5 14. a3 Rc8 15. Nd4
Nc4 16. Nxe6 fxe6 17. Bxc4 Rxc4 18. e5 Ne4 19. Nxe4 Rxe4 20. exd6 Rexf4 21. Rxf4
Rxf4 22. dxe7 Qxe7 23. Qe2 e5 24. Re1 e4 25. g3 Rf6 26. c4 Qe6 27. Kg2 bxc4 28.
Qxe4 Qxe4+ 29. Rxe4 Rb6 30. Re2 Rb3 31. Rc2 Kf7 32. h4 a5 33. Kh3 h6 34. Rxc4
Rxb2 35. Rc5 a4 36. Rc4 Ra2 37. Rxa4 Kf6 38. Ra8 h5 39. a4 Kf5 40. a5 Ra1 41.
a6 Rh1+ 42. Kg2 Ra1 1/2-1/2

[Event "MISTRZOSTWA POLSKI JUNIOREK DO 16 LAT W SZACHACH SZYBKICH"]
[Site "KOSZALIN, Hala Widowiskowo-Sportowa, ul. Sniadeckich 4"]
[Date "1899-12-30"]
[Round "3.5"]
[White "Krzywnicka, Maria"]
[Black "Ossolinska, Matylda"]
[Result "1-0"]
[WhiteTitle "I+"]
[BlackTitle "I"]
[WhiteElo "1642"]
[BlackElo "1490"]

1. e4 e6 2. d4 d5 3. Nd2 dxe4 4. Nxe4 Nd7 5. Nf3 Ngf6 6. Nxf6+ Nxf6 7. Bd3 Be7
8. O-O O-O 9. b3 c5 10. Bb2 b6 11. dxc5 Bxc5 12. Ng5 h6 13. Ne4 Be7 14. Qf3 Rb8
15. Be5 Bb7 16. Bxb8 Qxb8 17. Rad1 Nd5 18. Qg3 Nf4 19. f3 Rd8 20. Rfe1 f5 21.
Nd2 Bd6 22. Qh4 Ng6 23. Qa4 Bxh2+ 24. Kh1 Bg3 25. Rxe6 Nf4 26. Bxf5 Qa8 27. Re3
Kh8 28. Be4 Bxe4 29. Qxe4 Qb8 30. Qe7 Bf2 31. Re4 Nxg2 32. Rg4 g5 33. Rxg2 Re8
34. Qf6+ Kh7 35. Qf7+ Kh8 36. Rxf2 Qe5 37. Qg6 Re6 38. Qe4 Qc5 39. Qa8+ Kg7 40.
Rdf1 Qd4 41. Ne4 h5 42. Qb7+ Kg6 43. Rd2 Qe3 44. Rd7 g4 45. Rg7+ Kf5 46. Qd5+
Kf4 47. Rf7+ Kg5 1-0

[Event "MISTRZOSTWA POLSKI JUNIOREK DO 16 LAT W SZACHACH SZYBKICH"]
[Site "KOSZALIN, Hala Widowiskowo-Sportowa, ul. Sniadeckich 4"]
[Date "1899-12-30"]
[Round "4.1"]
[White "Przepiora, Anna"]
[Black "Kaczmarska, Joanna"]
[Result "1/2-1/2"]
[WhiteTitle "II"]
[BlackTitle "k"]
[WhiteElo "1419"]
[BlackElo "1730"]

1. e4 e5 2. Nf3 Nc6 3. d4 exd4 4. Nxd4 Nf6 5. Nxc6 bxc6 6. e5 Qe7 7. Qe2 Nd5 8.
c4 Ba6 9. b3 g6 10. g3 Bg7 11. Bb2 O-O 12. Bg2 Rfe8 13. O-O Rab8 14. Re1 Nb6 15.
Nd2 f6 16. Nf3 fxe5 17. Bxe5 d6 18. Bxg7 Qxe2 19. Rxe2 Rxe2 20. Nd4 Rd2 21. Nxc6
Re8 22. Bc3 Rc2 23. Bd4 Rce2 24. Be3 Rb2 25. Bd4 Rd2 26. Be3 Rb2 27. Bd4 Rd2 28.
Be3 Rb2 29. Bd4 Rd2 30. Be3 Rb2 31. Bd4 Rbe2 32. Be3 Rb2 33. Bd4 Rd2 34. Be3 Rb2
1/2-1/2

[Event "MISTRZOSTWA POLSKI JUNIOREK DO 16 LAT W SZACHACH SZYBKICH"]
[Site "KOSZALIN, Hala Widowiskowo-Sportowa, ul. Sniadeckich 4"]
[Date "1899-12-30"]
[Round "4.2"]
[White "Guzik, Natalia"]
[Black "Krzywnicka, Maria"]
[Result "1-0"]
[WhiteTitle "I++"]
[BlackTitle "I+"]
[WhiteElo "1547"]
[BlackElo "1642"]

1. e4 c5 2. Nf3 d6 3. d4 cxd4 4. Nxd4 Nf6 5. Nc3 a6 6. Be3 e5 7. Nb3 Be6 8. f3
h5 9. Qd2 Be7 10. O-O-O Nbd7 11. Kb1 Rc8 12. Be2 Nb6 13. h3 Nc4 14. Bxc4 Bxc4
15. f4 Qc7 16. g4 b5 17. g5 Nd7 18. f5 Nc5 19. Nd5 Bxd5 20. Qxd5 a5 21. Nd2 a4
22. a3 Qb8 23. f6 gxf6 24. gxf6 Bf8 25. Nf3 b4 26. Ng5 Rh7 27. axb4 Qxb4 28. Bxc5
1-0

[Event "MISTRZOSTWA POLSKI JUNIOREK DO 16 LAT W SZACHACH SZYBKICH"]
[Site "KOSZALIN, Hala Widowiskowo-Sportowa, ul. Sniadeckich 4"]
[Date "1899-12-30"]
[Round "4.3"]
[White "Cieslak, Wiktoria"]
[Black "Parol, Pola"]
[Result "1-0"]
[WhiteTitle "k+"]
[BlackTitle "k"]
[WhiteElo "1752"]
[BlackElo "1773"]

1. e4 c5 2. Nf3 Nc6 3. d4 cxd4 4. Nxd4 g6 5. c4 Nf6 6. Nc3 Nxd4 7. Qxd4 d6 8. Be2
Bg7 9. O-O O-O 10. Qd3 Nd7 11. Be3 Ne5 12. Qd2 Be6 13. b3 f5 14. Rad1 fxe4 15.
Nxe4 Qc7 16. h3 a5 17. Ng5 Bd7 18. Qd5+ Nf7 19. c5 Bc6 20. Qe6 d5 21. Nxf7 Rxf7
22. Bf3 d4 23. Bxc6 Qxc6 24. Qxc6 bxc6 25. Bxd4 Bxd4 26. Rxd4 Rf5 27. Re1 Kf7
28. Rd7 Re8 29. Rc1 Rb8 30. Rc7 Rd8 31. Rxc6 Rd2 32. f3 Re5 33. Kh2 Ree2 34. Rg1
Rxa2 35. Ra6 Re3 36. b4 a4 37. c6 Rxf3 38. b5 Rc3 39. Ra7 Rb2 40. Rf1+ Kg7 41.
Rxe7+ Kh6 42. Rb7 a3 43. c7 a2 44. Ra1 Rcc2 45. Kg3 Rxg2+ 46. Kf3 Rgc2 47. b6
Rb4 48. Rxa2 Rb3+ 49. Ke4 Rc4+ 50. Kd5 Rc1 51. Rb8 Rbc3 52. Raa8 Rc5+ 53. Kd6
Rc6+ 54. Kd7 R6c3 55. c8=Q Rd3+ 56. Ke7 Re1+ 57. Kf7 Rf3+ 58. Kg8 Re7 59. Qc1+
Kh5 60. Ra5+ Kh4 61. Qg5+ 1-0

[Event "MISTRZOSTWA POLSKI JUNIOREK DO 16 LAT W SZACHACH SZYBKICH"]
[Site "KOSZALIN, Hala Widowiskowo-Sportowa, ul. Sniadeckich 4"]
[Date "1899-12-30"]
[Round "4.4"]
[White "Dwilewicz, Agata"]
[Black "Kindler, Karolina"]
[Result "1/2-1/2"]
[WhiteTitle "I+"]
[BlackTitle "I+"]
[WhiteElo "1641"]
[BlackElo "1523"]

1. e4 c5 2. Nf3 e6 3. d4 cxd4 4. Nxd4 Nf6 5. Nc3 d6 6. Bd3 Nc6 7. Be3 Be7 8. O-O
O-O 9. Kh1 Nxd4 10. Bxd4 e5 11. Be3 Ng4 12. Nd5 Bh4 13. g3 Nxe3 14. Nxe3 Bg5 15.
f4 exf4 16. gxf4 Bh6 17. Qh5 Qf6 18. Nd5 Qxb2 19. Rg1 Kh8 20. f5 f6 21. Nc7 Rb8
22. Nb5 Qe5 23. Rad1 Bd7 24. Nc7 Rbc8 25. Nd5 Bc6 26. Qf3 Ba4 27. Rg2 Rc5 28.
Rb1 b6 29. c4 Rfc8 30. Re2 Bc6 1/2-1/2

[Event "MISTRZOSTWA POLSKI JUNIOREK DO 16 LAT W SZACHACH SZYBKICH"]
[Site "KOSZALIN, Hala Widowiskowo-Sportowa, ul. Sniadeckich 4"]
[Date "1899-12-30"]
[Round "4.5"]
[White "Karykowska, Anna"]
[Black "Kalinowska, Karolina"]
[Result "1-0"]
[WhiteTitle "I++"]
[BlackTitle "I"]
[WhiteElo "1603"]
[BlackElo "1479"]

1. e4 e6 2. Nf3 d5 3. Nc3 Nf6 4. e5 Nfd7 5. d4 c5 6. Bg5 Be7 7. Bxe7 Qxe7 8. Nb5
Na6 9. Nd6+ Kf8 10. Bxa6 bxa6 11. O-O h6 12. dxc5 Nxc5 13. Qd4 Nb7 14. Nxc8 Rxc8
15. Qxa7 Rxc2 16. Qb8+ Nd8 17. Rac1 Rxc1 18. Rxc1 g6 19. Nd4 Kg7 20. Rc7 Qe8 21.
Rc8 Qa4 22. Nb3 Nc6 23. Qa8 Rxc8 24. Qxc8 Nxe5 25. Qc3 Qe4 26. h3 Kh7 27. Nc5
Qe2 28. Nxa6 Qxa6 29. Qxe5 Qxa2 30. Qf6 Qa7 31. b4 Kg8 32. Qc3 d4 33. Qd3 Qb6
34. b5 Kf8 35. Qa3+ Ke8 36. Qa6 Qb8 37. b6 Kd8 38. Qa7 Kc8 39. Qa6+ Qb7 40. Qc4+
Kb8 41. Qxd4 Qd5 42. Qf4+ Kb7 43. Qc7+ Ka6 44. Qa7+ Kb5 45. b7 Qd1+ 46. Kh2 Qd6+
47. g3 Qc6 48. b8=Q+ 1-0

[Event "MISTRZOSTWA POLSKI JUNIOREK DO 16 LAT W SZACHACH SZYBKICH"]
[Site "KOSZALIN, Hala Widowiskowo-Sportowa, ul. Sniadeckich 4"]
[Date "1899-12-30"]
[Round "5.1"]
[White "Kaczmarska, Joanna"]
[Black "Guzik, Natalia"]
[Result "0-1"]
[WhiteTitle "k"]
[BlackTitle "I++"]
[WhiteElo "1730"]
[BlackElo "1547"]

1. d4 d5 2. c4 e6 3. Nf3 Be7 4. Nc3 Nf6 5. Bg5 O-O 6. e3 Nbd7 7. h3 Re8 8. Bd3
dxc4 9. Bxc4 a6 10. a4 b6 11. O-O Bb7 12. Qe2 Nf8 13. Rfd1 Ng6 14. Rac1 h6 15.
Bxf6 Bxf6 16. e4 Nf4 17. Qe3 Bg5 18. Nxg5 Qxg5 19. Qg3 Qxg3 20. fxg3 Nh5 21. g4
Nf6 22. Re1 Rad8 23. e5 Nd7 24. Kf2 Nb8 25. Rcd1 Nc6 26. Ke3 Nb4 27. Rd2 Re7 28.
Red1 Red7 29. Bb3 Nc6 30. Ne4 Na5 31. Ba2 Bd5 32. b4 Bxa2 33. bxa5 Bb3 34. Rb1
Bxa4 35. axb6 cxb6 36. Rxb6 Bb5 37. Nd6 Bf1 38. Kf2 Bb5 39. Ke3 Bf1 40. Kf2 Bb5
41. Ke3 Bf1 42. Kf2 Bb5 43. Ke3 Bf1 44. Kf2 Bb5 45. d5 exd5 46. Rxd5 Kf8 47. Rc5
Bd3 48. Ke3 Bf1 49. Kf2 Bd3 50. Rc3 Bh7 51. Rxa6 f6 52. Rf3 Kg8 53. Nc4 Bd3 54.
Rc6 Be4 55. e6 Bxc6 56. exd7 Bxf3 57. gxf3 Rxd7 58. Ke3 Rc7 59. Kd4 Kf7 60. Nd6+
Ke6 61. Ne4 f5 62. Ng3 fxg4 63. fxg4 Kf6 64. h4 Ra7 65. Ne4+ Ke7 66. Ke5 Ra5+
67. Kd4 Ra3 68. Ke5 Rh3 69. h5 Ra3 70. Kf5 Ra5+ 71. Kg6 Kf8 72. Kh7 Ra4 73. g5
Rxe4 74. gxh6 gxh6 75. Kh8 Rh4 76. Kh7 Rxh5 77. Kh8 Rh1 78. Kh7 h5 0-1

[Event "MISTRZOSTWA POLSKI JUNIOREK DO 16 LAT W SZACHACH SZYBKICH"]
[Site "KOSZALIN, Hala Widowiskowo-Sportowa, ul. Sniadeckich 4"]
[Date "1899-12-30"]
[Round "5.2"]
[White "Trusz, Julia"]
[Black "Przepiora, Anna"]
[Result "1/2-1/2"]
[WhiteTitle "I+"]
[BlackTitle "II"]
[WhiteElo "1546"]
[BlackElo "1419"]

1. e4 c5 2. Nf3 d6 3. d4 cxd4 4. Nxd4 Nf6 5. Nc3 g6 6. Be2 Bg7 7. O-O O-O 8. Re1
Nc6 9. Nb3 Be6 10. Bg5 h6 11. Bh4 Rc8 12. Bf1 Ne5 13. Nd4 Bc4 14. f4 Ned7 15.
Bxc4 Rxc4 16. Bf2 Re8 17. f5 Ne5 18. fxg6 Nxg6 19. Nf5 Bf8 20. Qd2 Ng4 21. Qe2
N6e5 22. Be3 Nxe3 23. Qxe3 Qb6 24. Qxb6 axb6 25. Re3 e6 26. Rg3+ Kh7 27. Ne3 Rc6
28. Rf1 Be7 29. Ne2 Rg8 30. Rxg8 Kxg8 31. Nd4 Rc8 32. c3 Nc4 33. Nxc4 Rxc4 34.
Rf3 Kg7 35. Rg3+ Kf6 36. Rf3+ Kg7 37. Rg3+ 1/2-1/2

[Event "MISTRZOSTWA POLSKI JUNIOREK DO 16 LAT W SZACHACH SZYBKICH"]
[Site "KOSZALIN, Hala Widowiskowo-Sportowa, ul. Sniadeckich 4"]
[Date "1899-12-30"]
[Round "5.3"]
[White "Szelag, Zuzanna"]
[Black "Cieslak, Wiktoria"]
[Result "0-1"]
[WhiteTitle "I++"]
[BlackTitle "k+"]
[WhiteElo "1596"]
[BlackElo "1752"]

1. e4 c5 2. Nf3 d6 3. d4 Nf6 4. Nc3 cxd4 5. Nxd4 a6 6. Bg5 e6 7. f4 Be7 8. Qf3
Qc7 9. O-O-O Nbd7 10. g4 b5 11. Bxf6 Nxf6 12. g5 Nd7 13. h4 Bb7 14. f5 e5 15.
Nde2 Rc8 16. Rd2 b4 17. Nd5 Bxd5 18. exd5 Qc4 19. Nc3 bxc3 20. Bxc4 cxd2+ 21.
Kxd2 Rxc4 22. c3 f6 23. Qh5+ Kf8 24. b3 Rf4 25. gxf6 Nxf6 26. Qe2 Ne4+ 27. Kc1
Ng3 28. Qxa6 Nxh1 29. Qc8+ Kf7 30. Qe6+ Kf8 31. Qc8+ Kf7 32. Qe6+ Ke8 33. Qc8+
Bd8 34. Qe6+ Kf8 35. Qxd6+ Be7 36. Qb8+ Kf7 37. Qxh8 Rxf5 38. Qxh7 Ng3 39. c4
e4 40. Qh8 Bf8 41. d6 Rh5 42. Qxh5+ Nxh5 43. d7 Ke7 44. Kd2 Kxd7 45. Ke3 Nf6 46.
a4 Bb4 47. h5 Kc6 48. Kd4 0-1